000
00290nam a2200109Ia 4500
008
190216s9999||||xx |||||||||||||| ||und||
100
_a
Center For Development Studies
245
0
_a
Poverty Unemployment And Development Policy
260
_b
Orient Longman
_c
1977
300
_a
235p
942
_c
BK
999
_c
4370
_d
4370